Normal view
MARC view
- Монголыг судалсан гадаад эрдэмтэд
Entry Topical Term
001 - CONTROL NUMBER
- control field: 70932
003 - CONTROL NUMBER IDENTIFIER
- control field: OSt
005 - DATE AND TIME OF LATEST TRANSACTION
- control field: 20260415171954.0
008 - FIXED-LENGTH DATA ELEMENTS
- fixed length control field: 260415|| aca||aabn | a|a d
040 ## - CATALOGING SOURCE
- Original cataloging agency: OSt
- Transcribing agency: OSt
150 ## - HEADING--TOPICAL TERM
- Topical term or geographic name entry element: Монголыг судалсан гадаад эрдэмтэд
670 ## - SOURCE DATA FOUND
- Source citation: Work cat.: (OSt)30249: Эндрюс Рой Чапмэн 60540 зохиогч, Эртний хүний мөрөөр : Монголд хийсэн аялал /